000 00324nam a2200145Ia 4500
008 150201s2009 xx 000 0 und d
082 _a611
_bD09B
100 _aBHALAJHI,S I
245 _aDENTAL ANATOMY
250 _a2ND
260 _bARYA PUB.
_aDELHI
_c2009
300 _a1-523
650 _aDENTISTRY
942 _2ddc
_cBK
_01
999 _c347
_d347